Several Aspects of Innovations in Regions of Eastern Slovakia
Niektoré aspekty inovácií v regiónoch východného Slovenska. Definícia inovácie. Zdroje inovácií. Stupne inovácií. Manažment inovácií. Inovácie výrobných technológií. Regionálna inovačná stratégia na Slovensku. Regionálne inovácie - región východného Slovenska.
Na minha lista:
| Autor principal: | |
|---|---|
| Outros Autores: | , |
| Formato: | Capítulo de Livro |
| Idioma: | inglês |
| Assuntos: | |
| Tags: |
Sem tags, seja o primeiro a adicionar uma tag!
|
MARC
| LEADER | 00000naa$a2200000$$$4500 | ||
|---|---|---|---|
| 001 | 0104801 | ||
| 005 | 20240502083248.9 | ||
| 041 | 0 | |a eng | |
| 044 | |a PL | ||
| 245 | 1 | 0 | |a Several Aspects of Innovations in Regions of Eastern Slovakia |c Recenzovali: Andrzej Piotr Wiatrak, Maria Mora |
| 520 | |a Niektoré aspekty inovácií v regiónoch východného Slovenska. Definícia inovácie. Zdroje inovácií. Stupne inovácií. Manažment inovácií. Inovácie výrobných technológií. Regionálna inovačná stratégia na Slovensku. Regionálne inovácie - región východného Slovenska. | ||
| 610 | 2 | 0 | |a inovácia |
| 610 | 2 | 0 | |a definície |
| 610 | 2 | 0 | |a manažment inovačný |
| 610 | 2 | 0 | |a stratégia inovačná |
| 610 | 2 | 0 | |a regióny |
| 610 | 2 | 0 | |a Slovensko |
| 100 | 1 | |a Mizla, Martin, 1955- | |
| 700 | 1 | |a Pudło, Patrycja | |
| 700 | 1 | |a Pešáková, Petra, 1984- | |